000 01222nam a2200337 a 4500
001 000112074
003 CHAP
005 20220329144245.0
008 151202s2015 mx a |sm |||||||spa d
010 _a108535
011 _a109507
040 _cCHAP
090 _aTesis
100 1 _aAquino López, Leonel
_9130165
245 1 0 _aGanancia de peso en ovinos estabuladores en la región del Itsmo de Tehuantepec, Oaxaca
_h[En línea]
_cpor Leonel Aquino López.
260 _aChapingo, Méx. :
_bEl autor,
_c2015.
500 _aPara ver el contenido del material haga clic en la liga
502 _aTesis (Ing. Agr. Esp. en Zootecnista) -- UACH. Departamento de Enseñanza, Investigación y Servicio en Zootecnia
590 _aBATCH
_b00
_c20181121
_lUCH01
_h0758
590 _aE5652GLJ
_b05
_c20151202
_lUCH01
_h0955
590 _aE5652GLJ
_b05
_c20151202
_lUCH01
_h0955
650 1 4 _aGanado lanar
_xAlimentación.
_945153
650 1 4 _aGanado lanar
_xDestete.
_945169
650 1 4 _aGanado lanar
_xNutrición.
_945205
650 1 4 _aGanado lanar
_xPeso.
_945211
856 _a1
_n0000432
856 _aFinding aid
_uhttp://10.13.5.2/tesis/sist112074.pdf
_zTeclea aquí
901 _aBK
942 _cTESIS
942 _n0
999 _c108535
_d108535